Muslims against partition : (Record no. 147442)

MARC details
000 -LEADER
fixed length control field 00672nam a22001937a 4500
005 - DATE AND TIME OF LATEST TRANSACTION
control field 20171115123808.0
010 ## - LCCN (DPL NO)
LC control number ENG-121407
020 ## - INTERNATIONAL STANDARD BOOK NUMBER
International Standard Book Number 9788172210670
Terms of availability 250.00
035 ## - SYSTEM CONTROL NUMBER
System control number EN-104939
037 ## - SOURCE OF ACQUISITION
Source of stock number/acquisition DBAD/PUB
082 ## - DEWEY DECIMAL CLASSIFICATION NUMBER
Classification number 954.04
100 ## - MAIN ENTRY--PERSONAL NAME
Personal name Shamsul Islam
245 ## - TITLE STATEMENT
Title Muslims against partition :
Statement of responsibility, etc by Shasul Islam
Remainder of title revisiting the legacy of Allah Bakhsh and other patroitic Muslim /
260 ## - PUBLICATION, DISTRIBUTION, ETC. (IMPRINT)
Place of publication, distribution, etc New Delhi
Name of publisher, distributor, etc Pharos Media and Publishing
Date of publication, distribution, etc 2015
270 ## - ADDRESS
Address D-84 Abul Fazal Enclave-I,Jamia Nagar
City New Delhi
Postal code 110025
300 ## - PHYSICAL DESCRIPTION
Extent 216p.
Dimensions 23cm(pbk)
500 ## - GENERAL NOTE
General note Includes bibliographical references and index
942 ## - ADDED ENTRY ELEMENTS (KOHA)
Source of classification or shelving scheme Dewey Decimal Classification
Item type English Books
Classification part 954.04
Call number suffix SHA
Holdings
Withdrawn status Lost status Not for loan Collection code Home library Current library Date acquired Source of acquisition Cost, normal purchase price Full call number Barcode Copy number Cost, replacement price Koha item type
    Not For Loan Non-fiction D.B.Act.Division Bawana 15/11/2017 DBAD/PUB 250.00 954.04 SHA EN-104939 1 250.00 English Books

© Delhi Public Library
Hit Counter
free hit counter